|
|
|
|
| LEADER |
01100nam a2200253 a 4500 |
| 001 |
1844854 |
| 008 |
100106s1982 ilua 001 0 eng d |
| 999 |
|
|
|c 7255
|d 7255
|
| 010 |
|
|
|a 81081549
|
| 020 |
|
|
|a 0256026556
|
| 040 |
|
|
|a DLC
|c DLC
|d DLC
|d BD-DhAAL
|
| 082 |
0 |
0 |
|a 519.5
|2 22
|
| 100 |
1 |
|
|a Runyon, Richard P.
|9 31381
|
| 245 |
1 |
0 |
|a Business statistics /
|c Richard P. Runyon, Audrey Haber.
|
| 260 |
|
|
|a Homewood, Ill. :
|b R.D. Irwin,
|c 1982.
|
| 300 |
|
|
|a xiv, 598 p. :
|b ill. ;
|c 25 cm.
|
| 504 |
|
|
|a Includes index.
|
| 541 |
1 |
|
|e 00004429
|
| 650 |
|
0 |
|a Commercial statistics.
|9 31382
|
| 700 |
1 |
|
|a Haber, Audrey.
|9 31383
|
| 852 |
4 |
|
|a Ayesha Abed Library
|j General Shelf.
|
| 942 |
|
|
|2 ddc
|c BK
|
| 952 |
|
|
|0 0
|1 0
|2 ddc
|4 0
|6 519_502465800000000_RUN_1982
|7 0
|9 7584
|a BRACUL
|b BRACUL
|c GEN
|d 2010-01-28
|g 0.00
|l 4
|m 17
|o 519.5024658 RUN
|p 3010004429
|r 2013-08-07
|s 2013-07-28
|t 1
|w 2010-01-28
|y BK
|z Not price in Register
|
| 952 |
|
|
|0 0
|1 0
|2 ddc
|4 0
|6 519_502465800000000_RUN_1982
|7 0
|9 17909
|a BRACUL
|b BRACUL
|c GEN
|d 2011-08-23
|g 0.00
|l 1
|m 1
|o 519.5024658 RUN
|p 3010001914
|r 2018-10-29
|s 2018-10-22
|t 2
|w 2011-08-23
|y BK
|z Not price in Register
|